[Event "Minsk op"]
[Site "Minsk"]
[Date "2022.08.03"]
[Round "1"]
[White "Gorovets, Andrey"]
[Black "Shaurukou, Danila"]
[Result "1-0"]
[WhiteElo "2493"]
[BlackElo "1544"]
[PlyCount "39"]
[EventDate "2022.08.03"]
[EventType "swiss"]
[EventRounds "9"]
[EventCountry "BLR"]
[SourceTitle "CBM 209 Extra"]
[Source "ChessBase"]
[SourceDate "2022.09.30"]
[SourceVersion "1"]
[SourceVersionDate "2022.09.30"]
[SourceQuality "1"]

1. c4 c6 2. e4 d5 3. exd5 cxd5 4. cxd5 Qxd5 5. Nc3 Qd8 6. Nf3 Nf6 7. Bc4 g6 8. Ne5 e6 9. d4 Bg7 10. Bg5 0-0 11. 0-0 Nbd7 12. Re1 Qa5 13. Qe2 Nb6 14. Bb3 Nbd5 15. Qf3 Nxc3 16. bxc3 Nd5 17. c4 Nb6 18. Be7 Re8 19. Qxf7+ Kh8 20. Qxe8+ 1-0